| 000 | 01052cam a22002774a 4500 | ||
|---|---|---|---|
| 005 | 20180312112553.0 | ||
| 008 | 160209s2012 xxuao fr 001 0 eng d | ||
| 020 | _a9781603274258 | ||
| 035 | _a(OCoLC)ocn809886735 | ||
| 040 |
_aCO-BoUCM _bspa _cSandra Palacio _dSandra Palacio |
||
| 041 | 0 | _aeng | |
| 060 | 1 | 0 | _aWL 390 |
| 100 | 1 |
_aBhidayasiri, Roongroj _975389 |
|
| 245 | 1 | 0 |
_aMovement disorders _bA video atlas _cRoongroj Bhidayasiri, Daniel Tarsy |
| 260 |
_aNueva York (Estados Unidos) _bHumana Press _c2012 |
||
| 300 |
_axv, 249 páginas _bilustraciones y fotografías _e1 DVD |
||
| 490 | 0 | _aCurrent clinical neurology | |
| 504 | _aIncluye referencias bibliográficas e índices | ||
| 650 | 7 |
_aDesordenes del movimiento _vAtlas _913074 |
|
| 650 | 7 |
_aDesordenes del movimiento _vEstudio de casos _913074 |
|
| 650 | 7 |
_aDesordenes del movimiento _vEstudios reportados _vVideo _913074 |
|
| 690 |
_942886 _aNeurología |
||
| 700 | 1 |
_aTarsy, Daniel _975390 |
|
| 942 |
_2NLM _a15 _cLIBRORESER _e1 _hWL 390 _mB575mo _n0 |
||
| 999 |
_c302467 _d302467 |
||